[Event "119th Scottish Championship"]
[Site "Glasgow"]
[Date "2012.07.13"]
[Round "7"]
[White "MacQueen, Calum"]
[Black "Aird, Ian"]
[Result "1-0"]
[WhiteElo "2233"]
[BlackElo "2000"]
[PlyCount "55"]
[EventDate "2012.07.07"]
[EventType "swiss"]
[EventRounds "9"]
[EventCountry "SCO"]
[Source "Chess Scotland"]
[SourceDate "2012.07.24"]

1. d4 d6 2. c4 Nf6 3. Nc3 Nbd7 4. e4 e5 5. Nf3 Be7 6. Be2 c6 7. O-O O-O 8. Re1
a6 9. b3 Qc7 10. Bb2 Re8 11. Bf1 Bf8 12. a3 Qb8 13. b4 b5 14. Qb3 h6 15. a4
bxa4 16. Qxa4 c5 17. dxc5 dxc5 18. b5 Nb6 19. Qb3 a5 20. Nd5 Nfxd5 21. cxd5 Bd6
22. Qc3 a4 23. Ba3 Nd7 24. Nd2 Qc7 25. Rec1 Bb7 26. Be2 Qa5 27. Qxa5 Rxa5 28.
Nc4 1-0

[Event "119th Scottish Championship"]
[Site "Glasgow"]
[Date "2012.07.13"]
[Round "7"]
[White "Bea, Boglarka"]
[Black "Sverrisson, Nokkvi"]
[Result "0-1"]
[WhiteElo "2178"]
[BlackElo "1973"]
[PlyCount "68"]
[EventDate "2012.07.07"]
[EventType "swiss"]
[EventRounds "9"]
[EventCountry "SCO"]
[Source "Chess Scotland"]
[SourceDate "2012.07.24"]

1. e4 c5 2. Nf3 d6 3. d4 cxd4 4. Nxd4 Nf6 5. Nc3 g6 6. Be2 Bg7 7. Be3 Nc6 8.
Qd2 O-O 9. O-O-O Nxd4 10. Bxd4 Be6 11. h4 h5 12. f3 Qa5 13. Kb1 Rfc8 14. a3
Rab8 15. g4 b5 16. Bxf6 Bxf6 17. Nd5 Qa4 18. b3 Qxa3 19. Nxf6+ exf6 20. Qxd6 b4
21. Rd3 Rb6 22. Qd4 Rc3 23. Qxf6 Rxd3 24. Bxd3 Bxb3 25. Qb2 Be6 26. gxh5 gxh5
27. Rg1+ Kf8 28. Rg5 Qc3 29. Rxh5 Qe1+ 30. Qc1 Ba2+ 31. Kb2 Qc3+ 32. Kxa2 b3+
33. Kb1 bxc2+ 34. Ka2 Qb3+ 0-1

[Event "119th Scottish Championship"]
[Site "Glasgow"]
[Date "2012.07.13"]
[Round "7"]
[White "Rysbayeva, Aigerim"]
[Black "Quinn, David"]
[Result "1/2-1/2"]
[WhiteElo "2175"]
[BlackElo "1969"]
[PlyCount "81"]
[EventDate "2012.07.07"]
[EventType "swiss"]
[EventRounds "9"]
[EventCountry "SCO"]
[Source "Chess Scotland"]
[SourceDate "2012.07.24"]

1. e4 e5 2. Nf3 Nc6 3. Bb5 a6 4. Ba4 Nf6 5. O-O Nxe4 6. Re1 Nc5 7. Bxc6 dxc6 8.
Nxe5 Be7 9. d4 Ne6 10. Be3 O-O 11. c4 f6 12. Nf3 f5 13. Nc3 f4 14. Bd2 Bf6 15.
d5 Nc5 16. Ne5 Bxe5 17. Rxe5 Nd3 18. Re2 f3 19. gxf3 Qf6 20. Ne4 Qxf3 21. Re3
Qxd1+ 22. Rxd1 Nxb2 23. Rc1 Bf5 24. dxc6 bxc6 25. Nc5 Rfd8 26. Ba5 Rd4 27. Bxc7
Nxc4 28. Nb3 Rd7 29. Rxc4 Rxc7 30. Nd4 Bd7 31. Rec3 Rac8 32. Rc5 g6 33. Kg2 Be8
34. Ra3 Ra7 35. Rac3 Rac7 36. Ra3 Ra7 37. Nb5 Raa8 38. Nd6 Rc7 39. Nxe8 Rxe8
40. Rxa6 Re2 41. Rcxc6 1/2-1/2

[Event "119th Scottish Championship"]
[Site "Glasgow"]
[Date "2012.07.13"]
[Round "7"]
[White "Grove, Michael"]
[Black "Sreeves, Clement"]
[Result "0-1"]
[WhiteElo "1955"]
[BlackElo "2175"]
[PlyCount "60"]
[EventDate "2012.07.07"]
[EventType "swiss"]
[EventRounds "9"]
[EventCountry "SCO"]
[Source "Chess Scotland"]
[SourceDate "2012.07.24"]

1. e4 e5 2. Nf3 Nc6 3. Nc3 Nf6 4. Bc4 Nxe4 5. Nxe4 d5 6. Bxd5 Qxd5 7. d3 Bg4 8.
O-O O-O-O 9. Bg5 f6 10. Be3 f5 11. c4 Qg8 12. Nc3 e4 13. Qa4 exf3 14. Bxa7 Nxa7
15. Qxa7 Qe6 16. Qa8+ Kd7 17. Qxb7 Qc6 18. Qxc6+ Kxc6 19. Nd5 fxg2 20. Rfe1 Bf3
21. Nf4 Rd4 22. Ne6 Rxd3 23. Ng5 Bd6 24. c5 Kxc5 25. Rac1+ Kb6 26. Rc3 Rxc3 27.
bxc3 Be5 28. a4 h6 29. Rb1+ Kc6 30. Rf1 gxf1=Q+ 0-1

[Event "119th Scottish Championship"]
[Site "Glasgow"]
[Date "2012.07.13"]
[Round "7"]
[White "Mitchell, Robert"]
[Black "Marks, Ian A"]
[Result "0-1"]
[WhiteElo "2125"]
[BlackElo "1914"]
[PlyCount "80"]
[EventDate "2012.07.07"]
[EventType "swiss"]
[EventRounds "9"]
[EventCountry "SCO"]
[Source "Chess Scotland"]
[SourceDate "2012.07.24"]

1. d4 d6 2. Nf3 Bg4 3. c4 Nd7 4. g3 Ngf6 5. Nc3 c6 6. Bg2 e5 7. h3 Bh5 8. O-O
Be7 9. Nh4 Bg6 10. Be3 O-O 11. Nxg6 hxg6 12. Qc2 Qc7 13. Rfd1 Rfd8 14. Rac1
Rac8 15. Qa4 a6 16. Qb3 Qb8 17. dxe5 dxe5 18. Na4 Nf8 19. Bc5 Rxd1+ 20. Rxd1
Bd8 21. Bd6 Bc7 22. Bxc7 Qxc7 23. Nc5 Rb8 24. Qd3 Qe7 25. Qe3 N6d7 26. Nxd7
Nxd7 27. b4 Nf6 28. Qa7 Re8 29. a3 Qc7 30. Qe3 Kf8 31. h4 Qc8 32. f3 Qe6 33.
Qc5+ Kg8 34. Kh2 Qf5 35. Rd2 Qb1 36. Qb6 Qc1 37. Rd8 Rxd8 38. Qxd8+ Kh7 39. Qd3
e4 40. Qd4 e3 0-1

[Event "119th Scottish Championship"]
[Site "Glasgow"]
[Date "2012.07.13"]
[Round "7"]
[White "McGowan, Daniel"]
[Black "McCusker, Andrew"]
[Result "1-0"]
[WhiteElo "2101"]
[BlackElo "1217"]
[PlyCount "29"]
[EventDate "2012.07.07"]
[EventType "swiss"]
[EventRounds "9"]
[EventCountry "SCO"]
[Source "Chess Scotland"]
[SourceDate "2012.07.24"]

1. e4 c6 2. d4 d5 3. exd5 cxd5 4. Bd3 Nc6 5. c3 Nf6 6. Bf4 e6 7. Nf3 Bd6 8.
Bxd6 Qxd6 9. O-O O-O 10. Re1 Re8 11. Ne5 Nd7 12. Bxh7+ Kf8 13. Qh5 Qe7 14. Bg6
Nf6 15. Qh8+ 1-0

[Event "119th Scottish Championship"]
[Site "Glasgow"]
[Date "2012.07.13"]
[Round "7"]
[White "Magee, Ronan"]
[Black "Noordhoek, Henk"]
[Result "0-1"]
[WhiteElo "1965"]
[BlackElo "2095"]
[PlyCount "88"]
[EventDate "2012.07.07"]
[EventType "swiss"]
[EventRounds "9"]
[EventCountry "SCO"]
[Source "Chess Scotland"]
[SourceDate "2012.07.24"]

1. e4 Nf6 2. e5 Nd5 3. d4 d6 4. Nf3 g6 5. Bc4 Nb6 6. Bb3 Bg7 7. exd6 cxd6 8.
O-O O-O 9. Bg5 Nc6 10. c3 Qc7 11. Re1 h6 12. Bh4 Re8 13. Nbd2 Bf5 14. Bg3 Na5
15. Nh4 Nxb3 16. Qxb3 Bd3 17. Re3 Bc4 18. Qc2 Nd5 19. Ree1 Nf6 20. Nhf3 Bd5 21.
h3 b5 22. a4 a6 23. b3 Qb7 24. Qd3 Rac8 25. axb5 axb5 26. c4 Bc6 27. d5 Bd7 28.
Rab1 Bf5 29. Qe3 Bxb1 30. Rxb1 Ra8 31. Nd4 bxc4 32. bxc4 Qa7 33. Qd3 Qa3 34.
Rb3 Qc5 35. Rb5 Ra1+ 36. Kh2 Qa3 37. N2b3 Ra2 38. Nc2 Qb2 39. Nbd4 Qc1 40. Qb3
Rea8 41. Rb7 Ra1 42. Rb8+ Kh7 43. Nxa1 Rxa1 44. Bh4 Nh5 0-1

[Event "119th Scottish Championship"]
[Site "Glasgow"]
[Date "2012.07.13"]
[Round "7"]
[White "Rutherford, Elaine"]
[Black "Hardarson, Jon Trausti"]
[Result "0-1"]
[WhiteElo "2091"]
[BlackElo "1774"]
[PlyCount "140"]
[EventDate "2012.07.07"]
[EventType "swiss"]
[EventRounds "9"]
[EventCountry "SCO"]
[Source "Chess Scotland"]
[SourceDate "2012.07.24"]

1. e4 e6 2. d4 d5 3. Nd2 Nf6 4. e5 Nfd7 5. c3 c5 6. Bd3 Nc6 7. Ne2 cxd4 8. cxd4
f6 9. exf6 Nxf6 10. O-O Bd6 11. Nf3 Qc7 12. Re1 O-O 13. Ng3 h6 14. a3 g5 15.
Bb1 Qg7 16. b4 a6 17. Bb2 Bxg3 18. hxg3 Ng4 19. Qd3 Bd7 20. Qg6 Ne7 21. Qxg7+
Kxg7 22. Re2 Nf5 23. Ne1 Nd6 24. f3 Nf6 25. Nd3 Rfe8 26. Ba2 Bb5 27. Re3 Bxd3
28. Rxd3 Rac8 29. Bb3 Nc4 30. Bc3 Rc7 31. a4 Rec8 32. Be1 Nd6 33. g4 Rc1 34.
Rd1 Rxa1 35. Rxa1 Kf7 36. Bd2 Nc4 37. Rc1 Nd6 38. Rxc8 Nxc8 39. Kf2 Nd6 40. Ke2
b5 41. Be1 Nd7 42. Bg3 Nc4 43. Bc7 Nf6 44. Bd8 Nd6 45. Bd1 Nc4 46. Bc2 Na3 47.
Bd3 Nc4 48. axb5 axb5 49. Kf2 Nd7 50. Kg3 Nb8 51. f4 gxf4+ 52. Kxf4 Nc6 53. Ba5
Nxd4 54. g5 e5+ 55. Kg4 Ne3+ 56. Kh5 hxg5 57. Bb6 Nxg2 58. Kxg5 e4 59. Bf1 Ne3
60. Bh3 Nf3+ 61. Kf4 Nc4 62. Bd7 Nxb6 63. Bxb5 Nd4 64. Bf1 Kf6 65. b5 Ne6+ 66.
Ke3 Ke5 67. Kd2 Kd4 68. Bg2 Nf4 69. Bf1 e3+ 70. Ke1 e2 0-1

[Event "119th Scottish Championship"]
[Site "Glasgow"]
[Date "2012.07.13"]
[Round "7"]
[White "Will, Douglas"]
[Black "Borwell, Alan P"]
[Result "1-0"]
[WhiteElo "1923"]
[BlackElo "2078"]
[PlyCount "49"]
[EventDate "2012.07.07"]
[EventType "swiss"]
[EventRounds "9"]
[EventCountry "SCO"]
[Source "Chess Scotland"]
[SourceDate "2012.07.24"]

1. e4 c5 2. Nc3 Nc6 3. Bb5 Nd4 4. Bc4 a6 5. Nge2 g6 6. Nxd4 cxd4 7. Qf3 e6 8.
Ne2 Bg7 9. c3 dxc3 10. bxc3 b5 11. Bb3 Bb7 12. O-O Ne7 13. d3 Nc6 14. Bf4 d6
15. Qg3 h5 16. Bxe6 h4 17. Qg4 Ne5 18. Bxe5 dxe5 19. Bb3 Rh5 20. f4 h3 21. fxe5
hxg2 22. Bxf7+ Kf8 23. Bxg6+ gxf1=Q+ 24. Rxf1+ Kg8 25. Bf7+ 1-0

[Event "119th Scottish Championship"]
[Site "Glasgow"]
[Date "2012.07.13"]
[Round "7"]
[White "Parks, Joe"]
[Black "Bolt, Graham"]
[Result "1/2-1/2"]
[WhiteElo "1910"]
[BlackElo "2071"]
[PlyCount "139"]
[EventDate "2012.07.07"]
[EventType "swiss"]
[EventRounds "9"]
[EventCountry "SCO"]
[Source "Chess Scotland"]
[SourceDate "2012.07.24"]

1. d4 g6 2. c4 Bg7 3. Nf3 d6 4. g3 Nc6 5. d5 Ne5 6. Nxe5 dxe5 7. e4 e6 8. Nc3
Nf6 9. Bg2 exd5 10. cxd5 c6 11. dxc6 Qxd1+ 12. Nxd1 bxc6 13. O-O O-O 14. Be3
Be6 15. Nc3 Rfc8 16. Na4 Nd7 17. Nc5 Nxc5 18. Bxc5 a5 19. Rfc1 a4 20. Bf1 f5
21. Bc4 Kf7 22. Bxe6+ Kxe6 23. f3 Rab8 24. Ba3 Bh6 25. Rc4 Be3+ 26. Kf1 Bd4 27.
Rb1 Ra8 28. Rbc1 Ra6 29. Ke2 fxe4 30. fxe4 Rc7 31. R1c2 Kd7 32. Bc5 Bxc5 33.
Rxc5 Kd6 34. R5c4 Rf7 35. Rd2+ Kc7 36. Rc5 Re7 37. Kd1 Kb6 38. Rdc2 Re6 39. Ke2
Ra8 40. a3 g5 41. R5c4 g4 42. Rb4+ Kc7 43. Ke3 Ra5 44. Rcc4 Rh6 45. Rxa4 Rxa4
46. Rxa4 Rxh2 47. Ra7+ Kb6 48. Rg7 Rxb2 49. Rxg4 Rb3+ 50. Kd2 Kc5 51. Rg7 Rxa3
52. Rxh7 Rxg3 53. Rd7 Ra3 54. Rd8 Rh3 55. Rd7 Rh6 56. Kc3 Rh1 57. Kd2 Rg1 58.
Ke2 Ra1 59. Ke3 Ra8 60. Kd3 Re8 61. Kc3 Re6 62. Rd8 Re7 63. Kd3 Kb6 64. Rc8 Kb7
65. Rh8 Rd7+ 66. Ke3 Kc7 67. Rh5 Re7 68. Kd3 Kd6 69. Kc4 Re6 70. Rh2 {
scoresheets unreadable - another 13 moves} 1/2-1/2

[Event "119th Scottish Championship"]
[Site "Glasgow"]
[Date "2012.07.13"]
[Round "7"]
[White "Thomas, Daniel"]
[Black "McKerracher, Douglas"]
[Result "0-1"]
[WhiteElo "1793"]
[BlackElo "2030"]
[PlyCount "60"]
[EventDate "2012.07.07"]
[EventType "swiss"]
[EventRounds "9"]
[EventCountry "SCO"]
[Source "Chess Scotland"]
[SourceDate "2012.07.24"]

1. d4 f5 2. Nc3 d5 3. g3 e6 4. a3 Nf6 5. Nf3 c6 6. Bg2 Bd6 7. Bf4 Bxf4 8. gxf4
O-O 9. Ne5 b6 10. e3 Bb7 11. Qf3 c5 12. O-O-O Nbd7 13. h4 Rc8 14. Qg3 cxd4 15.
exd4 Nxe5 16. fxe5 Ne4 17. Bxe4 dxe4 18. Nb5 Qd7 19. Nd6 Rc7 20. Nxb7 Rxb7 21.
Qf4 Rc8 22. c3 Qd5 23. Rhf1 Rbc7 24. Qe3 Qb3 25. Qg5 h6 26. Qf4 Rxc3+ 27. bxc3
Qxc3+ 28. Kb1 Qb3+ 29. Ka1 Rc2 30. Qxh6 Qa2# 0-1

[Event "119th Scottish Championship"]
[Site "Glasgow"]
[Date "2012.07.13"]
[Round "7"]
[White "Herbold, Manfred"]
[Black "Hilton, Stephen H"]
[Result "1/2-1/2"]
[WhiteElo "2143"]
[BlackElo "1918"]
[PlyCount "56"]
[EventDate "2012.07.07"]
[EventType "swiss"]
[EventRounds "9"]
[EventCountry "SCO"]
[Source "Chess Scotland"]
[SourceDate "2012.07.24"]

1. e4 c5 2. Nf3 d6 3. c3 Nf6 4. Be2 g6 5. O-O Bg7 6. Re1 O-O 7. Bf1 Nc6 8. d4
cxd4 9. cxd4 Bg4 10. d5 Ne5 11. Nbd2 Rc8 12. Qa4 Bxf3 13. Nxf3 Nxf3+ 14. gxf3
a6 15. Bh3 Rc5 16. Be3 Ra5 17. Qc2 Nd7 18. Rec1 Ne5 19. f4 Nf3+ 20. Kg2 Nd4 21.
Qd2 Ra4 22. Rc8 Qa5 23. Rxf8+ Kxf8 24. Rc1 f5 25. Rc8+ Kf7 26. Qxa5 Rxa5 27.
Rc4 b5 28. Rc7 fxe4 1/2-1/2

[Event "119th Scottish Championship"]
[Site "Glasgow"]
[Date "2012.07.13"]
[Round "7"]
[White "James, Chris"]
[Black "Jelfs, Alan"]
[Result "1-0"]
[WhiteElo "2028"]
[BlackElo "1852"]
[PlyCount "113"]
[EventDate "2012.07.07"]
[EventType "swiss"]
[EventRounds "9"]
[EventCountry "SCO"]
[Source "Chess Scotland"]
[SourceDate "2012.07.24"]

1. e4 e5 2. f4 Bc5 3. Nf3 d6 4. c3 Nf6 5. d4 Bb6 6. Bd3 Qe7 7. fxe5 dxe5 8.
Nxe5 Nbd7 9. Nxd7 Bxd7 10. O-O O-O-O 11. Bg5 h6 12. Bxf6 gxf6 13. Qf3 Rhg8 14.
Qxf6 Qxf6 15. Rxf6 Bh3 16. g3 h5 17. Na3 c5 18. Nc4 Bc7 19. e5 cxd4 20. Bf5+
Bxf5 21. Rxf5 dxc3 22. bxc3 h4 23. Kg2 Rd3 24. Rf3 Rd5 25. Rxf7 b5 26. Nd6+ Kb8
27. Raf1 h3+ 28. Kxh3 Bxd6 29. exd6 Rxd6 30. Rf8+ Rxf8 31. Rxf8+ Kc7 32. Rf2
Rc6 33. Rf3 Rc4 34. g4 Ra4 35. Rf2 Ra3 36. Rc2 b4 37. Kh4 bxc3 38. g5 Ra4+ 39.
Kh5 Rc4 40. g6 Kd6 41. g7 Rc8 42. Kh6 Ke5 43. Kh7 Kd4 44. g8=Q Rxg8 45. Kxg8
Kd3 46. Rxc3+ Kxc3 47. h4 a5 48. h5 a4 49. h6 a3 50. h7 Kb2 51. h8=Q+ Kxa2 52.
Qh2+ Kb1 53. Qg1+ Kb2 54. Qf2+ Kb1 55. Qe1+ Kb2 56. Qb4+ Ka2 57. Kf7 1-0

[Event "119th Scottish Championship"]
[Site "Glasgow"]
[Date "2012.07.13"]
[Round "7"]
[White "Doyle, James"]
[Black "Dawson, Alastair"]
[Result "1/2-1/2"]
[WhiteElo "2020"]
[BlackElo "1891"]
[PlyCount "68"]
[EventDate "2012.07.07"]
[EventType "swiss"]
[EventRounds "9"]
[EventCountry "SCO"]
[Source "Chess Scotland"]
[SourceDate "2012.07.24"]

1. d4 d5 2. Nf3 e6 3. c3 c6 4. Qc2 f5 5. h4 Bd6 6. e3 Nf6 7. a3 Nbd7 8. c4 Ne4
9. Nc3 Nxc3 10. Qxc3 Qc7 11. Ng5 Nf6 12. Be2 e5 13. c5 Be7 14. dxe5 h6 15. exf6
Bxf6 16. Qc2 hxg5 17. h5 Qe5 18. Rb1 Qe4 19. Qxe4+ fxe4 20. b4 a6 21. Bb2 Bf5
22. g4 Be6 23. Kd2 Ke7 24. Bxf6+ Kxf6 25. Rhf1 Ke5 26. Kc3 Rhf8 27. Rb2 Rad8
28. Rd2 Rc8 29. a4 Rc7 30. Rb2 Ra8 31. Bd1 Rd8 32. Rd2 Ra8 33. Rb2 Rd8 34. Rd2
Ra8 1/2-1/2

[Event "119th Scottish Championship"]
[Site "Glasgow"]
[Date "2012.07.13"]
[Round "7"]
[White "Klug, Christian"]
[Black "Burnett, Walter"]
[Result "0-1"]
[WhiteElo "1894"]
[BlackElo "2015"]
[PlyCount "78"]
[EventDate "2012.07.07"]
[EventType "swiss"]
[EventRounds "9"]
[EventCountry "SCO"]
[Source "Chess Scotland"]
[SourceDate "2012.07.24"]

1. e4 g6 2. c4 c5 3. Nc3 Bg7 4. g3 Nc6 5. Bg2 d6 6. Nge2 h5 7. h3 Bd7 8. d3 Rb8
9. Be3 Nd4 10. Qd2 a6 11. Bxd4 cxd4 12. Nb1 Qc8 13. Na3 Bh6 14. Qc2 Qc5 15. Kf1
h4 16. Rb1 hxg3 17. Nxg3 Qa5 18. Qe2 e5 19. Qe1 Bd2 20. Qe2 Bg5 21. Qe1 Qd8 22.
Qd1 Qc8 23. Qf3 Bxh3 24. Bxh3 Rxh3 25. Kg2 Rxh1 26. Rxh1 Nh6 27. Ne2 Ke7 28.
Ng1 Qg4+ 29. Qxg4 Nxg4 30. Nf3 Bf4 31. Rh4 Nf6 32. Rh1 g5 33. Nc2 Nd7 34. Kf1
b5 35. b3 Nc5 36. Ncxd4 exd4 37. Nxd4 Rb6 38. Nf5+ Kd7 39. Rh7 Ke8 0-1

[Event "119th Scottish Championship"]
[Site "Glasgow"]
[Date "2012.07.13"]
[Round "7"]
[White "Pyrich, George"]
[Black "Kleboe, Jim PR"]
[Result "0-1"]
[WhiteElo "2007"]
[BlackElo "1866"]
[PlyCount "111"]
[EventDate "2012.07.07"]
[EventType "swiss"]
[EventRounds "9"]
[EventCountry "SCO"]
[Source "Chess Scotland"]
[SourceDate "2012.07.24"]

1. d4 Nf6 2. c4 e6 3. Nc3 Bb4 4. e3 O-O 5. Bd3 d5 6. Nf3 c6 7. O-O Nbd7 8. Qc2
h6 9. b3 Bd6 10. Bb2 b6 11. e4 dxe4 12. Nxe4 Nxe4 13. Bxe4 Qc7 14. Rfe1 Nf6 15.
Bd3 Qe7 16. Qe2 Bb7 17. Rad1 Rfe8 18. Bb1 Rad8 19. Qc2 Qc7 20. c5 Be7 21. b4
Kf8 22. Ne5 Nd5 23. a3 Bf6 24. Nc4 b5 25. Nd6 Rxd6 26. cxd6 Qxd6 27. Ba2 Rc8
28. Qe4 Nb6 29. Bc1 Qe7 30. Qh7 Ke8 31. Bf4 Nd5 32. Bxd5 cxd5 33. Be5 Rc4 34.
Qg8+ Qf8 35. Qxf8+ Kxf8 36. Rc1 Be7 37. Bb8 a6 38. Ba7 Bg5 39. Bc5+ Ke8 40.
Rxc4 dxc4 41. g3 Bd2 42. Kf1 c3 43. Ke2 Bf3+ 44. Kxf3 Bxe1 45. d5 exd5 46. Ke2
Bd2 47. Kd3 g6 48. g4 h5 49. h3 hxg4 50. hxg4 Kd7 51. Bd4 Kc6 52. f3 Be1 53.
Bg7 f6 54. Bh8 Bg3 55. Kxc3 Be5+ 56. Kd3 0-1

[Event "119th Scottish Championship"]
[Site "Glasgow"]
[Date "2012.07.13"]
[Round "7"]
[White "Eggink, Gerhard"]
[Black "Bhopal, Raj"]
[Result "0-1"]
[WhiteElo "1965"]
[BlackElo "1808"]
[PlyCount "114"]
[EventDate "2012.07.07"]
[EventType "swiss"]
[EventRounds "9"]
[EventCountry "SCO"]
[Source "Chess Scotland"]
[SourceDate "2012.07.24"]

1. d4 f5 2. c4 e6 3. Nc3 Bb4 4. g3 Nf6 5. Bg2 O-O 6. Nf3 Ne4 7. Qc2 Bxc3+ 8.
bxc3 b6 9. O-O Nc6 10. Nd2 Nxd2 11. Bxd2 Bb7 12. Rad1 Na5 13. Bxb7 Nxb7 14. f3
Qe7 15. Rfe1 Qa3 16. e4 Na5 17. Bc1 Qd6 18. c5 Qc6 19. c4 fxe4 20. fxe4 e5 21.
Be3 exd4 22. Rxd4 bxc5 23. Rd5 Nb7 24. Qd2 Rf7 25. e5 Re8 26. Rd1 d6 27. exd6
cxd6 28. Bf4 Rfe7 29. Qc2 Re2 30. R1d2 Re1+ 31. Kf2 R8e6 32. Qf5 Qe8 33. Qg4
R1e4 34. Rg5 Qf7 35. Rf5 Qe7 36. Qf3 h6 37. h4 g6 38. Rfd5 Rf6 39. Qg4 Kh7 40.
Kg2 Rfe6 41. Rf2 Rxc4 42. Qf3 Rce4 43. Bd2 Re2 44. Bc3 Kg8 45. Bb2 Rxf2+ 46.
Kxf2 Qf7 47. Rd3 Na5 48. Qxf7+ Kxf7 49. Ra3 Nc6 50. Rd3 Ke7 51. Bg7 h5 52. a3
Kf7 53. Bc3 Ne7 54. Kf3 d5 55. Kf4 Re4+ 56. Kf3 Ra4 57. Bd2 c4 0-1

[Event "119th Scottish Championship"]
[Site "Glasgow"]
[Date "2012.07.13"]
[Round "7"]
[White "Nepveu, Manuel"]
[Black "Sigurdarson, Emil"]
[Result "1/2-1/2"]
[WhiteElo "1955"]
[BlackElo "1808"]
[PlyCount "135"]
[EventDate "2012.07.07"]
[EventType "swiss"]
[EventRounds "9"]
[EventCountry "SCO"]
[Source "Chess Scotland"]
[SourceDate "2012.07.24"]

1. d4 d5 2. Nf3 Nf6 3. c4 c6 4. e3 e6 5. Nbd2 Nbd7 6. Bd3 b6 7. O-O Bb7 8. e4
dxe4 9. Nxe4 Be7 10. Re1 O-O 11. Qc2 c5 12. dxc5 Bxc5 13. Nxc5 Nxc5 14. Be2 Qc7
15. h3 h6 16. b3 e5 17. Bb2 e4 18. Nd4 Qf4 19. Qc1 Qxc1 20. Raxc1 Nfd7 21. Nf5
f6 22. Nd6 Bc6 23. b4 Nb7 24. Rcd1 Nxd6 25. Rxd6 Ba4 26. Bd1 Bxd1 27. Rdxd1
Rad8 28. Rxe4 Ne5 29. Rxd8 Rxd8 30. Bxe5 fxe5 31. Rxe5 Rd1+ 32. Kh2 Rd2 33. a4
Rxf2 34. c5 bxc5 35. Rxc5 Rf4 36. Rb5 a6 37. Rb6 a5 38. bxa5 Rxa4 39. a6 Ra3
40. Kg1 Ra2 41. Kf1 Kf8 42. Kg1 Kg8 43. Kh2 Ra3 44. h4 Kh7 45. g3 h5 46. Kg2
Ra2+ 47. Kf3 Ra4 48. Re6 Kg8 49. Re8+ Kh7 50. Ra8 Kg6 51. Ke3 Ra3+ 52. Kf4 Ra4+
53. Ke5 Ra3 54. Kd6 Rxg3 55. Kc7 Rg4 56. Rb8 Rxh4 57. a7 Ra4 58. a8=Q Rxa8 59.
Rxa8 Kf5 60. Kd6 g5 61. Kd5 h4 62. Rf8+ Kg4 63. Ke4 h3 64. Rh8 Kg3 65. Kf5 g4
66. Rg8 h2 67. Rxg4+ Kh3 68. Rg8 1/2-1/2

[Event "119th Scottish Championship"]
[Site "Glasgow"]
[Date "2012.07.13"]
[Round "7"]
[White "Karlsson, Mikael"]
[Black "Thomas, Phil"]
[Result "1-0"]
[WhiteElo "1929"]
[BlackElo "1900"]
[PlyCount "73"]
[EventDate "2012.07.07"]
[EventType "swiss"]
[EventRounds "9"]
[EventCountry "SCO"]
[Source "Chess Scotland"]
[SourceDate "2012.07.24"]

1. c4 e5 2. g3 d6 3. Bg2 f5 4. Nc3 Nf6 5. d4 Be7 6. e3 c6 7. Nh3 O-O 8. O-O h6
9. b4 Be6 10. d5 Bf7 11. Bb2 Qc7 12. Qb3 Nbd7 13. Rfd1 g5 14. f3 Nb6 15. Rac1
Rac8 16. Nf2 Kh7 17. e4 f4 18. Ne2 Be8 19. c5 Na8 20. dxc6 bxc6 21. cxd6 Bxd6
22. a3 Bf7 23. Qc2 Be6 24. gxf4 gxf4 25. Nxf4 Bf7 26. Ne2 Rg8 27. Ng3 Be6 28.
f4 Ng4 29. f5 Bf7 30. Nxg4 Rxg4 31. Rd3 Nb6 32. Qd1 Nc4 33. Rxc4 Bxc4 34. Rxd6
Rg7 35. Bxe5 Re7 36. Rxh6+ Kxh6 37. Qh5# 1-0

[Event "119th Scottish Championship"]
[Site "Glasgow"]
[Date "2012.07.13"]
[Round "7"]
[White "Walker, Duncan"]
[Black "Roy, Ali"]
[Result "1/2-1/2"]
[WhiteElo "1991"]
[BlackElo "1822"]
[PlyCount "41"]
[EventDate "2012.07.07"]
[EventType "swiss"]
[EventRounds "9"]
[EventCountry "SCO"]
[Source "Chess Scotland"]
[SourceDate "2012.07.24"]

1. Nf3 d5 2. b3 Nf6 3. Bb2 e6 4. d4 c5 5. e3 Nc6 6. Nbd2 Be7 7. a3 O-O 8. Bd3
b6 9. O-O Bb7 10. Ne5 Qc7 11. f4 Rac8 12. Ng4 Nxg4 13. Qxg4 f5 14. Qe2 Bf6 15.
c3 Nd8 16. a4 a5 17. Rac1 Nf7 18. Ba3 Rfd8 19. Rc2 Nd6 20. Rfc1 Ne4 21. Nxe4
1/2-1/2

[Event "119th Scottish Championship"]
[Site "Glasgow"]
[Date "2012.07.13"]
[Round "7"]
[White "Emery, Keith"]
[Black "Smith, Stephen H"]
[Result "0-1"]
[WhiteElo "1955"]
[BlackElo "1805"]
[PlyCount "126"]
[EventDate "2012.07.07"]
[EventType "swiss"]
[EventRounds "9"]
[EventCountry "SCO"]
[Source "Chess Scotland"]
[SourceDate "2012.07.24"]

1. e4 e6 2. Nf3 d5 3. exd5 exd5 4. d4 Nf6 5. Bd3 Be7 6. h3 h6 7. Bf4 Be6 8. c3
Nbd7 9. Qb3 Qc8 10. Na3 a6 11. Nc2 c5 12. dxc5 Nxc5 13. Bb5+ axb5 14. Qxb5+ Qc6
15. Qe2 Qa6 16. Qxa6 Rxa6 17. Nb4 Ra8 18. Nd4 O-O 19. f3 Na6 20. Nd3 Bd7 21.
Kd2 g5 22. Rhe1 Rfe8 23. Be5 Nh5 24. Nc2 f6 25. Bd4 Ng3 26. Bf2 Bd6 27. Ne3 Be6
28. a3 Nh5 29. Nc2 Bf5 30. Ncb4 Nxb4 31. Nxb4 Rxe1 32. Rxe1 Nf4 33. g4 Be6 34.
Bg3 Kf7 35. Bxf4 Bxf4+ 36. Kd3 Re8 37. Nc2 Bd7 38. Rxe8 Bxe8 39. Nd4 Bd7 40. b3
Be5 41. a4 Bxd4 42. Kxd4 Ke6 43. a5 Kd6 44. Ke3 f5 45. Kf2 Ke5 46. Kg3 f4+ 47.
Kf2 Bb5 48. Ke1 Bd3 49. Kf2 Bc2 50. b4 d4 51. c4 Bd3 52. b5 Bxc4 53. a6 bxa6
54. bxa6 Bxa6 55. h4 d3 56. hxg5 hxg5 57. Ke1 Kd4 58. Kd2 Bb5 59. Ke1 Ke3 60.
Kf1 d2+ 61. Kg1 d1=Q+ 62. Kg2 Qxf3+ 63. Kh2 Qg3+ 0-1

[Event "119th Scottish Championship"]
[Site "Glasgow"]
[Date "2012.07.13"]
[Round "7"]
[White "Ridge, Michael"]
[Black "Floros, Antonios"]
[Result "1/2-1/2"]
[WhiteElo "1927"]
[BlackElo "1780"]
[PlyCount "107"]
[EventDate "2012.07.07"]
[EventType "swiss"]
[EventRounds "9"]
[EventCountry "SCO"]
[Source "Chess Scotland"]
[SourceDate "2012.07.24"]

1. e4 e6 2. d3 c5 3. Nf3 Nc6 4. g3 g6 5. Bg5 Nge7 6. Bf6 Rg8 7. Nc3 Rb8 8. a4
a6 9. Bg2 d6 10. O-O Bg7 11. Bxg7 Rxg7 12. Qd2 Nd4 13. Nxd4 cxd4 14. Ne2 e5 15.
Qh6 Kf8 16. f4 Kg8 17. h3 Kh8 18. Rfe1 Ng8 19. Qh4 Qxh4 20. gxh4 f6 21. Kh2 Bd7
22. c3 dxc3 23. Nxc3 Bc6 24. b4 b5 25. a5 Rc7 26. Rac1 Rbc8 27. Ne2 Bd7 28.
fxe5 dxe5 29. Rxc7 Rxc7 30. Rc1 Rxc1 31. Nxc1 Ne7 32. Nb3 Nc6 33. h5 Kg7 34.
hxg6 hxg6 35. Bf3 Nxb4 36. Nc5 Bc8 37. Bg4 Bxg4 38. hxg4 Kf7 39. Kg3 Ke7 40. g5
fxg5 41. Kg4 Kd6 42. Nb3 Nxd3 43. Kxg5 Nf2 44. Nd2 Kc5 45. Kxg6 Kd4 46. Kf5 Kd3
47. Nf3 b4 48. Nxe5+ Kc3 49. Nd7 b3 50. Nc5 Nd3 51. Nxb3 Kxb3 52. e5 Nc5 53. e6
Nxe6 54. Kxe6 1/2-1/2

[Event "119th Scottish Championship"]
[Site "Glasgow"]
[Date "2012.07.13"]
[Round "7"]
[White "Giulian, Rosemary A"]
[Black "Robinson, Stephen CE"]
[Result "0-1"]
[WhiteElo "1918"]
[BlackElo "1710"]
[PlyCount "62"]
[EventDate "2012.07.07"]
[EventType "swiss"]
[EventRounds "9"]
[EventCountry "SCO"]
[Source "Chess Scotland"]
[SourceDate "2012.07.24"]

1. e4 Nf6 2. e5 Nd5 3. d4 d6 4. c4 Nb6 5. exd6 cxd6 6. Nc3 g6 7. Nf3 Bg7 8. Be3
O-O 9. Rc1 Bg4 10. b3 Nc6 11. Be2 Nd7 12. O-O Bxf3 13. Bxf3 e5 14. dxe5 dxe5
15. Bxc6 bxc6 16. Qf3 Qc7 17. Rfd1 f5 18. Qh3 Nf6 19. Na4 Rad8 20. Bc5 Rxd1+
21. Rxd1 Rd8 22. Qf3 e4 23. Qe2 Ng4 24. Rxd8+ Qxd8 25. h3 Ne5 26. Bxa7 Qg5 27.
Qd1 Nd3 28. Bb6 Bf6 29. Bc7 Bd4 30. Bb6 Nf4 31. g3 Qxg3+ 0-1